000
00227nam a22001097a 4500
082
_a
823
_b
JOY/B
100
_a
JOYCE, MELANIE
245
_a
BUSY SCHOOL
260
_a
UK
_b
LADYBIRD
650
_a
ENGLISH SHORT STORY
_z
UK
942
_c
BK
999
_c
4494
_d
4494